000 01281nam a2200301 i 4500
003 EG-GICUC
005 20260121101648.0
008 260105s1964 ua ||||fr|||| 00| 0 ara d
040 _a EG-GICUC
_bara
_c EG-GICUC
_d EG-GICUC
_erda
041 _aara
082 0 4 _221
_a345.3132
_bم ح . ق
092 0 4 _221
099 _aLaw1 07 345.3132 م ح . ق 1 ed - 1964
100 0 _aمحمود محمد حافظ
_eمؤلف.
245 1 0 _aقرارات الضبط الإدارى.
_nالجزء الاول،
_bالقرارات الادارية بصفة عامة /
_cمحمود محمد حافظ.
250 _aالطبعة الاولى
264 1 _a[مكان النشر غير محدد] :
_b[الناشر غير محدد],
_c1964.
300 _a196 صفحة ؛
_c24 سم
336 _2rda content
_atext
337 _2rda media
_aComputer
338 _2rda carrier
_aOnline Resource
504 _aيحتوي على ارجاعات ببليوجرافية
546 _aالنص أغلبه باللغة العربية مع بعض النصوص الفرنسية
650 1 4 _aالرقابة القضائية علي اعمال الادارة
_xالقانون الإداري
856 4 0 _uhttps://fll.law.cu.edu.eg/fulltext/bks/B07-02110.pdf
905 _a75
942 _2ddc
_cBK
_e21
_n0
999 _c54561
_d54561